| 000 | 00904cab a22002175a 4500 | ||
|---|---|---|---|
| 001 | L137975 | ||
| 008 | 070510e2007 xxk f 000 0 eng d | ||
| 035 | _a(Sirsi) u137975 | ||
| 041 | 0 | _aeng | |
| 100 | 1 | _aDay, Howard | |
| 245 | 0 | 4 | _aThe valuation of licenced premises |
| 260 | _c2007 | ||
| 490 | 0 |
_aJournal of Property Investment and Finance _v25(3) 2007, 306-321(16) |
|
| 520 | _aDiscusses the rationale and methodology applied to the valuation of licensed retail leisure property. Reports that profits based valuations continue to dominate the market, and that the process is complicated by legislative and regulatory changes. | ||
| 590 | _aKA | ||
| 651 | 4 |
_aUnited Kingdom _y |
|
| 690 | _aPROPERTY-COMMERCIAL PROPERTY-LEISURE PROPERTY-REFRESHMENT AND CULINARY PROPERTY | ||
| 690 | _aPROPERTY-PROPERTY VALUATION AND APPRAISAL-VALUATION ACCURACY | ||
| 700 | 1 | _aKelton, Rupert | |
| 942 | _n0 | ||
| 999 |
_c106958 _d106958 |
||